000 00536nam a2200181Ia 4500
008 090123s9999 xx 000 0 und d
082 _b38954
_a891.463/हरकारे
100 _aहरकारे अरुण
245 _aकरारी
250 _a1
260 _bनंदादीप बुक सर्व्हिस
_c2005
300 _a216
600 _aहरकारे अरुण
630 _aकरारी
700 _aहरकारे अरुण
730 _aकरारी
942 _cBOOK
999 _c77021
_d77021